MARC

LEADER 00000nam0a2200000 4500
001 34651
005 20231101210241.0
010 |a 521701010X 
035 |a (RuTPU)RU\TPU\book\35055 
035 |a BOOK00001706 
090 |a 34651 
100 |a 20011210d1990 m y0rusy50 ca 
101 0 |a rus 
102 |a RU 
105 |a y j 000zy 
200 1 |a Проектирование механосборочных цехов  |e учебное пособие  |f Г. Н. Мельников, В. П. Вороненко 
210 |a Москва  |c Машиностроение  |d 1990 
215 |a 352 с. 
225 1 |a Технология автоматизированного машиностроения 
606 1 |a Сборочные цехи  |x Оборудование  |x Компановка  |2 stltpush  |3 (RuTPU)RU\TPU\subj\53874  |9 72038 
610 1 |a механические цеха 
610 1 |a механосборочное производство 
610 1 |a проектирование 
610 1 |a технологическое оборудование 
610 1 |a производственные процессы 
610 1 |a справочно-нормативные данные 
610 1 |a учебные пособия 
675 |a 621.757:658(075.8)  |v 3 
700 1 |a Мельников  |b Г. Н.  |g Георгий Николаевич 
701 1 |a Вороненко  |b В. П.  |g Владимир Павлович 
801 0 |a RU  |b 63413507  |c 20011210  |g PSBO 
801 2 |a RU  |b 63413507  |c 20220415  |g PSBO 
900 |a Проектирование механосборочных цехов 
942 |c BK